[Event "Krakow Malopolski-chA"]
[Site "Krakow"]
[Date "2014.05.03"]
[Round "7"]
[White "Modeer, Darya Hamad"]
[Black "Klementys, Jerzy"]
[Result "1-0"]
[WhiteElo "1840"]
[BlackElo "1727"]
[PlyCount "101"]
[EventDate "2014.04.27"]
[EventType "swiss"]
[EventRounds "9"]
[EventCountry "POL"]
[SourceTitle "CBM 160 Extra"]
[Source "ChessBase"]
[SourceDate "2014.07.01"]
[SourceVersion "1"]
[SourceVersionDate "2014.07.01"]
[SourceQuality "1"]

1. d4 Nf6 2. Nf3 g6 3. g3 Bg7 4. Bg2 0-0 5. 0-0 d6 6. c4 Nbd7 7. Qc2 c6 8. Rd1 Qc7 9. Nc3 a6 10. b3 b5 11. Nd2 Bb7 12. Bb2 b4 13. Nce4 c5 14. d5 a5 15. a4 h6 16. h3 Rae8 17. Nf1 Bc8 18. Ne3 Nxe4 19. Bxg7 Kxg7 20. Qxe4 f5 21. Qd3 Ne5 22. Qd2 f4 23. gxf4 Rxf4 24. Ng4 Ref8 25. Nxe5 dxe5 26. e4 Rh4 27. Qe3 Qd6 28. Ra2 Rff4 29. Rad2 g5 30. Qg3 Bd7 31. Rd3 Be8 32. R1d2 Bg6 33. f3 Be8 34. Rd1 Bd7 35. R1d2 Rh5 36. Rd1 Rfh4 37. Kh2 Bc8 38. Rh1 Kf8 39. Rhd1 Bxh3 40. Bxh3 Qd7 41. Kg2 Rxh3 42. Qxe5 Qd6 43. Qh8+ Kf7 44. e5 Rh2+ 45. Kf1 Qb6 46. Qh7+ Ke8 47. d6 Rh1+ 48. Ke2 R5h2+ 49. Ke3 exd6 50. Rxd6 Qxd6 51. exd6 1-0